| 000 | 00506nam a2200157Ia 4500 | ||
|---|---|---|---|
| 001 | 6649 | ||
| 008 | 260622s9999 xx 000 0 und d | ||
| 020 | _a9789947859339 | ||
| 245 | 0 |
_aابتسامة النائم: مختارات شعرية/ _cنوري جرّاح |
|
| 260 |
_aالجزائر؛ _bجمعية البيت للثقافة و الفنون؛ _c2010 |
||
| 300 |
_a388p; _c15x15cm |
||
| 546 | _aArabic | ||
| 650 |
_aPN1010-1525 Literature- Poetry _92770 |
||
| 651 |
_aLevant _zSyria _99506 |
||
| 942 | _cBK | ||
| 999 |
_c6649 _d6649 |
||